You Can Do The Splits! Scientific Stretching for Fast Results!: (Record no. 615091)

000 -LEADER
fixed length control field 00420nam a22001217a 4500
020 ## - INTERNATIONAL STANDARD BOOK NUMBER
International Standard Book Number 9780692490228
082 ## - DEWEY DECIMAL CLASSIFICATION NUMBER
Classification number 613.71
Author Mark DEV
100 ## - MAIN ENTRY--PERSONAL NAME
Personal name Deva, Jon
245 ## - TITLE STATEMENT
Title You Can Do The Splits! Scientific Stretching for Fast Results!:
Remainder of title Everything You Need to Know to Achieve Maximum Flexibility as Quickly, Safely and Efficiently as Possible! /
Statement of responsibility, etc. Jon Deva
260 ## - PUBLICATION, DISTRIBUTION, ETC.
Date of publication, distribution, etc. 2015.
300 ## - PHYSICAL DESCRIPTION
Extent 51p. ;
942 ## - ADDED ENTRY ELEMENTS (KOHA)
Source of classification or shelving scheme
Koha item type Book
Holdings
Withdrawn status Lost status Source of classification or shelving scheme Damaged status Not for loan Permanent Location Current Location Shelving location Date acquired Total Checkouts Full call number Barcode Date last seen Price effective from Koha item type
          Central Library (CL) Central Library (CL) Lincoln Corner 10/07/2025   613.71 DEV LC-531 10/07/2025 10/07/2025 Book
© 2023 Central Library, National University of Sciences and Technology. All Rights Reserved.